A COMMENTARY ON THE UNITED NATIONS CONVENTION ON THE RIGHTS OF THE CHILD (Record no. 216640)

MARC details
000 -LEADER
fixed length control field 00546nam a22001697a 4500
008 - FIXED-LENGTH DATA ELEMENTS--GENERAL INFORMATION
fixed length control field 260225b |||||||| |||| 00| 0 eng d
020 ## - INTERNATIONAL STANDARD BOOK NUMBER
International Standard Book Number 978-9-0041-4861-1
050 ## - LIBRARY OF CONGRESS CALL NUMBER
Classification number K639.F74 2007
100 ## - MAIN ENTRY--PERSONAL NAME
Personal name MICHAEL FREEMAN
245 ## - TITLE STATEMENT
Title A COMMENTARY ON THE UNITED NATIONS CONVENTION ON THE RIGHTS OF THE CHILD
260 ## - PUBLICATION, DISTRIBUTION, ETC.
Place of publication, distribution, etc. BOSTON
Name of publisher, distributor, etc. MARTINUS NIJHOFF PUBLISHERS
Date of publication, distribution, etc. 2007
300 ## - PHYSICAL DESCRIPTION
Extent X,79
500 ## - GENERAL NOTE
General note INCLUDES BIBLIOGRAPHY
650 ## - SUBJECT ADDED ENTRY
Topical term or geographic name entry element Childrens legal status,law.-convention on the right of the child
942 ## - ADDED ENTRY ELEMENTS (KOHA)
Source of classification or shelving scheme Library of Congress Classification
Koha item type Long Loan Book
Holdings
Withdrawn status Lost status Source of classification or shelving scheme Damaged status Not for loan Collection Home library Current library Shelving location Date acquired Inventory number Total checkouts Full call number Barcode Date last seen Copy number Price effective from Koha item type
    Library of Congress Classification     Law Kisii University Library Kisii University Library On Display 02/25/2026 112066   K639 .F 74 2007 A000682 02/25/2026 3 02/25/2026 Long Loan Book
    Library of Congress Classification     Law Kisii University Library Kisii University Library On Display 02/25/2026 112065   KF 639 .F 74 2007 A000670 02/25/2026 2 02/25/2026 Long Loan Book
    Library of Congress Classification     Law Kisii University Library Kisii University Library On Display 02/25/2026 112064   KF 639 .F 74 2007 A000668 02/25/2026 1 02/25/2026 Long Loan Book